La vie quotidienne en Angleterre sous Elizabeth
Salvato in:
| Autore principale: | |
|---|---|
| Natura: | Libro |
| Lingua: | francese |
| Pubblicazione: |
París
Hachette
1950
|
| Edizione: | 6a. ed |
| Serie: | La Vie Quotidienne
|
| Soggetti: | |
| Tags: |
Aggiungi Tag
Nessun Tag, puoi essere il primo ad aggiungerne!!
|
MARC
| LEADER | 00000nam a2200000 a 4500 | ||
|---|---|---|---|
| 001 | UCO0384 | ||
| 003 | CL-VaPUC | ||
| 008 | 000420e19500000FR |||||||||||||||||fre|d | ||
| 082 | 0 | 4 | |a 942.05 |b LEM |2 21 |
| 100 | 0 | |a Lemonnier, León |e author |9 441622 | |
| 245 | 1 | 3 | |a La vie quotidienne en Angleterre sous Elizabeth |
| 250 | |a 6a. ed | ||
| 300 | |a 319 p | ||
| 942 | |c BK | ||
| 945 | |d 20000420 00:00:00 |a rherrera | ||
| 260 | |a París |b Hachette |c 1950 | ||
| 650 | 7 | |a HISTORIA DE INGLATERRA SIGLO 16 |2 CL-VaPUC |9 441623 | |
| 650 | 0 | |a Vida cotidiana |9 322355 | |
| 651 | 0 | |a Inglaterra |9 255158 | |
| 583 | |a last modification |c 20160817 04:36:21 |k Rodrigo Vera | ||
| 490 | 0 | |a La Vie Quotidienne | |
| 999 | |c 287095 |d 287093 | ||
| 952 | |0 0 |1 0 |4 0 |6 942_050000000000000_LEM_1950 |7 0 |8 A |9 333512 |a BIBHIS |b BIBHIS |d 2019-11-20 |i 1265482 |o 942.05 LEM 1950 |p 1265482 |r 2025-01-20 |w 2019-11-20 |y BK |k HIS | ||